[Event "DEN-ch"]
[Site "Vejle"]
[Date "1982.??.??"]
[Round "3"]
[White "Sahl, Bjarke"]
[Black "Brinck Claussen, Bjorn"]
[Result "1/2-1/2"]
[WhiteElo "2380"]
[BlackElo "2380"]
[PlyCount "150"]
[EventDate "1982.??.??"]
[EventType "tourn"]
[EventRounds "11"]
[EventCountry "DEN"]
[EventCategory "5"]
[Source "ChessBase"]
[SourceDate "1999.07.01"]

1. c4 Nf6 2. Nc3 e5 3. g3 Bb4 4. Bg2 O-O 5. e3 Bxc3 6. bxc3 e4 7. f3 Qe7 8.
fxe4 Nxe4 9. d3 Nc5 10. Ne2 d6 11. Nf4 c6 12. O-O f5 13. Rb1 Nbd7 14. Rb2 Nf6
15. h3 g5 16. Ne2 Nh5 17. Kh2 Ng7 18. Nd4 Bd7 19. Rbf2 Rae8 20. g4 fxg4 21.
hxg4 Rxf2 22. Rxf2 Qe5+ 23. Kg1 Qg3 24. Nf5 Nxf5 25. gxf5 g4 26. Rf4 h5 27. Qc2
Rxe3 28. Bxe3 Qxe3+ 29. Qf2 Qxf2+ 30. Rxf2 Nxd3 31. Rf1 Kf7 32. Be4 Ne5 33. Kf2
Kf6 34. c5 dxc5 35. Ke3 Kg5 36. Bc2 h4 37. Ke4 Nf3 38. f6 Be6 39. Bd1 Nd2+ 40.
Ke5 Bf7 41. Rf5+ Kh6 42. Bxg4 Nc4+ 43. Kf4 Nd6 44. Rxc5 Kg6 45. Bh5+ Kxf6 46.
Bxf7 Nxf7 47. Rh5 Ke6 48. Rxh4 Nd6 49. Rh5 b6 50. Ke3 a5 51. Kd3 c5 52. a4 Kd7
53. c4 Kc7 54. Rh7+ Kc6 55. Rg7 Nf5 56. Rg6+ Nd6 57. Ke3 Kc7 58. Rg4 Kd7 59.
Kf3 Ke6 60. Rf4 Ke5 61. Rh4 Ke6 62. Rg4 Kd7 63. Rf4 Ke6 64. Ke3 Kd7 65. Kd3 Kc7
66. Rh4 Kd7 67. Rh7+ Kc6 68. Rg7 Nf5 69. Rg1 Nd6 70. Rc1 Kd7 71. Rc2 Kc6 72.
Ke3 Kd7 73. Kf4 Ke6 74. Rc1 Kf6 75. Rh1 Ke6 1/2-1/2

[Event "DEN-ch"]
[Site "Vejle"]
[Date "1982.??.??"]
[Round "5"]
[White "Sahl, Bjarke"]
[Black "Jakobsen, Ole"]
[Result "1/2-1/2"]
[WhiteElo "2380"]
[BlackElo "2410"]
[PlyCount "139"]
[EventDate "1982.??.??"]
[EventType "tourn"]
[EventRounds "11"]
[EventCountry "DEN"]
[EventCategory "5"]
[Source "ChessBase"]
[SourceDate "1999.07.01"]

1. c4 e5 2. Nc3 Nf6 3. g3 d5 4. cxd5 Nxd5 5. Bg2 Nb6 6. Nf3 Nc6 7. O-O Be7 8.
a4 a5 9. d4 exd4 10. Nb5 O-O 11. Bf4 Nd5 12. Nfxd4 Ncb4 13. Bc1 c6 14. Nc3 Bf6
15. Nxd5 Nxd5 16. e4 Nb6 17. Nc2 Be6 18. Be3 Nc4 19. Bd4 Nxb2 20. Bxb2 Bxb2 21.
Rb1 Bc3 22. Qf3 Qd2 23. Ne3 Bb4 24. Qh5 Qd8 25. e5 g6 26. Qh6 Qc7 27. f4 Bc5
28. Rbe1 f5 29. exf6 Rxf6 30. Kh1 Raf8 31. Qg5 Bxe3 32. Rxe3 Rf5 33. Qg4 Bd5
34. Rfe1 Bxg2+ 35. Kxg2 c5 36. Qd1 Qc6+ 37. Kg1 Rd5 38. Qc2 c4 39. Qc3 Qc5 40.
Kf1 Qd4 41. Qxd4 Rxd4 42. Rb1 Rf7 43. Ke2 Rfd7 44. Rc3 Kf7 45. Rb5 h5 46. Ke3
Rd2 47. Rxc4 Rxh2 48. Ke4 Re2+ 49. Kf3 Ra2 50. Rc3 Rxa4 51. Rcb3 Rad4 52. Rxb7
a4 53. R3b6 a3 54. Rxd7+ Rxd7 55. Ra6 Rd3+ 56. Kg2 Rd2+ 57. Kh3 a2 58. Kh4 Ke7
59. Kg5 Rg2 60. Kxg6 h4 61. f5 h3 62. f6+ Kd7 63. Ra7+ Kc6 64. Ra3 h2 65. f7
h1=Q 66. f8=Q Qb1+ 67. Kg5 Qc1+ 68. Kg4 Qd1+ 69. Kh3 Qh1+ 70. Kg4 1/2-1/2

[Event "DEN-ch"]
[Site "Vejle"]
[Date "1982.??.??"]
[Round "7"]
[White "Sahl, Bjarke"]
[Black "Norgaard, Jesper"]
[Result "1-0"]
[WhiteElo "2380"]
[BlackElo "2255"]
[PlyCount "279"]
[EventDate "1982.??.??"]
[EventType "tourn"]
[EventRounds "11"]
[EventCountry "DEN"]
[EventCategory "5"]
[Source "ChessBase"]
[SourceDate "1999.07.01"]

1. c4 Nf6 2. Nc3 e6 3. e4 c5 4. e5 Ng8 5. Nf3 Nc6 6. d4 cxd4 7. Nxd4 Nxe5 8.
Bf4 Ng6 9. Bg3 a6 10. Qa4 Nf6 11. Ndb5 e5 12. O-O-O Be7 13. Bd3 O-O 14. Bxg6
hxg6 15. Bxe5 d6 16. Nxd6 Qb6 17. Qc2 Be6 18. Rhe1 Rad8 19. Bxf6 Bxf6 20. Rxe6
Bxc3 21. Re2 Rxd6 22. Qxc3 Rxd1+ 23. Kxd1 Qd6+ 24. Rd2 Qxh2 25. Qf3 Qc7 26. Qd5
Rc8 27. b3 Re8 28. Qd6 Qa5 29. Qd5 Qc3 30. Qd4 Qa5 31. c5 Rc8 32. b4 Qa4+ 33.
Ke1 Qb5 34. f3 a5 35. a3 axb4 36. axb4 Ra8 37. Kf2 Rf8 38. Re2 Re8 39. Rxe8+
Qxe8 40. Kg3 Qb5 41. Kf2 Qe8 42. Qc4 Qa4 43. Qe4 Qb5 44. Ke1 Kh7 45. Qh4+ Kg8
46. Qd4 Qa6 47. Qe4 Kh7 48. Kd2 Qa2+ 49. Kc3 Qa3+ 50. Kc4 Qa2+ 51. Kd3 Qa3+ 52.
Ke2 Qa2+ 53. Ke3 Qa3+ 54. Kf4 Qa6 55. Ke5 Qe6+ 56. Kd4 Qa6 57. Kd5 Kg8 58. Qe8+
Kh7 59. b5 Qa4 60. Qe2 Qa5 61. Qd3 Qd8+ 62. Kc4 Qa5 63. Kb3 Qe1 64. Qe4 Qd1+
65. Qc2 Qf1 66. Kb4 Qe1+ 67. Qc3 Qe7 68. Ka4 Qh4+ 69. Kb3 Qg5 70. Qc2 Qe3+ 71.
Kb4 Qe1+ 72. Ka4 Qa1+ 73. Kb3 Qf1 74. Qc4 Qxg2 75. c6 Qxf3+ 76. Kb4 bxc6 77.
bxc6 Qf2 78. c7 Qb6+ 79. Ka3 Qe3+ 80. Kb2 Qd2+ 81. Kb3 Qe3+ 82. Kc2 Qf2+ 83.
Kd3 Qf5+ 84. Kd4 Qf4+ 85. Kd5 Qf5+ 86. Kd6 Qf6+ 87. Kc5 Qe5+ 88. Kc6 Qf6+ 89.
Kb7 Qb2+ 90. Kc6 Qf6+ 91. Kd7 Qf5+ 92. Kd8 Qf6+ 93. Ke8 Qe5+ 94. Kxf7 Qf6+ 95.
Ke8 Qe5+ 96. Kd7 Qf5+ 97. Qe6 Qb5+ 98. Kc8 Qd3 99. Qe5 Qh3+ 100. Kd8 Qh4+ 101.
Kd7 Qa4+ 102. Kd6 Qb4+ 103. Qc5 Qf4+ 104. Kc6 Qa4+ 105. Kb6 Qb3+ 106. Qb5 Qe3+
107. Kb7 Qe4+ 108. Kb8 Qf4 109. Qb3 Qd6 110. Qh3+ Kg8 111. Qf3 Qe5 112. Qd3 Kh7
113. Kb7 Qb2+ 114. Kc6 Qf6+ 115. Kd7 Qf7+ 116. Kd8 Qf8+ 117. Kd7 Qf7+ 118. Kc8
Qf8+ 119. Kb7 Qb4+ 120. Kc6 Qa4+ 121. Qb5 Qe4+ 122. Qd5 Qa4+ 123. Kb7 Qb4+ 124.
Ka7 Qa4+ 125. Kb8 Qb4+ 126. Qb7 Qd6 127. Qh1+ Kg8 128. Qe4 Qb6+ 129. Kc8 Kh7
130. Qh1+ Kg8 131. Qd5+ Kh7 132. Kd7 Qa7 133. Qe4 Kh8 134. Qb4 Kh7 135. Kd8 Qf2
136. c8=Q Qf6+ 137. Ke8 Qe5+ 138. Qe7 Qb5+ 139. Kf8 Qf1+ 140. Qf7 1-0

[Event "DEN-ch"]
[Site "Vejle"]
[Date "1982.??.??"]
[Round "9"]
[White "Sahl, Bjarke"]
[Black "Ost Hansen, Jacob"]
[Result "0-1"]
[WhiteElo "2380"]
[BlackElo "2410"]
[PlyCount "82"]
[EventDate "1982.??.??"]
[EventType "tourn"]
[EventRounds "11"]
[EventCountry "DEN"]
[EventCategory "5"]
[Source "ChessBase"]
[SourceDate "1999.07.01"]

1. c4 e5 2. Nc3 d6 3. g3 g6 4. Bg2 Bg7 5. e3 Nh6 6. Nge2 O-O 7. Rb1 Nd7 8. a3
f5 9. d3 Rb8 10. O-O Kh8 11. b4 Nf6 12. b5 Bd7 13. Nd5 Nxd5 14. cxd5 Qe8 15. a4
a6 16. Qc2 axb5 17. Qxc7 Nf7 18. axb5 Bxb5 19. Qc2 Qd7 20. Bb2 Rfc8 21. Qd2 Ba6
22. Ba1 Rc7 23. Rfc1 Rbc8 24. Rxc7 Rxc7 25. Rc1 Kg8 26. Rc3 Qc8 27. e4 Bh6 28.
f4 fxe4 29. Bh3 Qd8 30. dxe4 Rxc3 31. Bxc3 Qb6+ 32. Kg2 Qb1 33. Kf3 Qh1+ 34.
Bg2 Qxh2 35. Nd4 exf4 36. gxf4 Ne5+ 37. fxe5 Bxd2 38. Bxd2 Qxe5 39. Be3 Bd3 40.
Kf2 Bxe4 41. Nf3 Bxf3 0-1

[Event "DEN-ch"]
[Site "Vejle"]
[Date "1982.??.??"]
[Round "1"]
[White "Sahl, Bjarke"]
[Black "Berg, Klaus"]
[Result "1/2-1/2"]
[WhiteElo "2380"]
[BlackElo "2295"]
[PlyCount "80"]
[EventDate "1982.??.??"]
[EventType "tourn"]
[EventRounds "11"]
[EventCountry "DEN"]
[EventCategory "5"]
[Source "ChessBase"]
[SourceDate "1999.07.01"]

1. c4 e5 2. Nc3 Nf6 3. g3 c6 4. Nf3 d6 5. Bg2 Nbd7 6. O-O Be7 7. d4 Qc7 8. Qc2
O-O 9. b3 Re8 10. Bb2 Bf8 11. Rac1 g6 12. Rfd1 a5 13. Qd2 h6 14. e4 exd4 15.
Nxd4 Nc5 16. f3 Qb6 17. Kh1 a4 18. Nce2 axb3 19. axb3 Bg7 20. b4 Ne6 21. Ra1
Rxa1 22. Rxa1 Kh7 23. Bc3 Nxd4 24. Nxd4 c5 25. Nb5 cxb4 26. Bd4 Qc6 27. Qxb4
Be6 28. Rc1 Rd8 29. Qc3 Ne8 30. f4 Bxd4 31. Nxd4 Qc5 32. f5 Bd7 33. Rb1 b6 34.
fxg6+ fxg6 35. Rf1 Qe5 36. Qe3 Nf6 37. Nf3 Qc5 38. Qf4 Rf8 39. e5 dxe5 40. Nxe5
Kg7 1/2-1/2

[Event "DEN-ch"]
[Site "Vejle"]
[Date "1982.??.??"]
[Round "10"]
[White "Sahl, Bjarke"]
[Black "Fries Nielsen, Niels Jorgen"]
[Result "1/2-1/2"]
[WhiteElo "2380"]
[BlackElo "2330"]
[PlyCount "42"]
[EventDate "1982.??.??"]
[EventType "tourn"]
[EventRounds "11"]
[EventCountry "DEN"]
[EventCategory "5"]
[Source "ChessBase"]
[SourceDate "1999.07.01"]

1. c4 e5 2. Nc3 Nc6 3. g3 d6 4. Bg2 g6 5. e3 Bg7 6. Rb1 a5 7. a3 Be6 8. Nd5 Nf6
9. Ne2 O-O 10. d3 Qd7 11. Nec3 Ne8 12. O-O Bh3 13. b4 Bxg2 14. Kxg2 Nd8 15. h4
h5 16. Ne4 axb4 17. axb4 Ne6 18. Bb2 Qd8 19. Ra1 Rxa1 20. Qxa1 c6 21. Ndc3 f5
1/2-1/2